02469nam a2200385 a 450000100100000000500170001000800410002702000180006804000250008608200240011111100820013524501950021726000380041230000200045049000310047050504530050158600500095465000280100465000450103265000310107765000300110865000340113870000770117270000500124970000770129970000930137670000790146971000560154883000380160491000370164295201370167995201220181695201280193899900170206600004352320260428073714.0140324d2013 dr d 000 0 spa d a9789945412895 aDO-SdBNPbspacBNPHU a070.44bP925f, 20122 aPremios FUNGLODE de periodismo Rafael Herrerad(2013 :cSanto Domingo)97125213aLa realidad de los dominicanos en Puerto Rico y otros temas periodísticos /cSenabri Silvestre, Ángel García, Doris Pantaleón , Wanda Méndez, Lery Laura Piña, Kathia Hernández. aSanto Domingo :bFUNGLODE,c2013. a90 p. ;c23 cm.1 aPremios Funglode/GFDD 20120 gPrimer lugartLa realidad de los dominicanos en Puerto Rico ; y otros temas periodísticos /rSenabri SilvestregSegundo lugartMi barrio en letras /rÁngel GarcíagTercer lugar --tEn la mira de la justicia /rDoris Pantaleón y Wanda MéndezgMención especial --tDominicanos viven el drama de la España de los desempleados /rLery Laura PiñagMención especial --t¿De qué vive la gente a orilla del Ozama? /rKathia Hernández aPremios Funglode de periodismo Rafael Herrera 0aEnsayos dominicanos965 4aPeriodísmozRepública Dominicana936 0aLiteratura dominicana.967 0aPremios literarios 91542 4aCertámenes literarios9154112aSilvestre, SenabritLa realidad de los dominicanos en Puerto Rico97125312aGarcía, ÁngeltMi barrio en letras97125412aPantaleón, Doris y Méndez, WandatEn la mira de la justicia /97125512aPiña, Lery LauratDominicanos viven el drama de la España de los desempleados97125612aHernández, Kathiat¿De qué vive la gente a orilla del Ozama? /97125722aFundación Global Democracía y Desarrollo925477 0aPremios Funglode/GFDD 2012971258 aValidado. Control de calidad MFF 001054708DSaGRbGRcHDd2014-03-24iLF1l0o070.44 P925f, 2012p43523-30r2020-06-25te. 3w2020-06-25yLFDSZPréstamo en sala 0010718PDaPDbPDcHDd2014-03-24iLF1l0o070.44 P925f, 2012p43523-10r2020-06-25w2020-06-25yLFPDZNo se presta 0010718PDaPDbPDcHDd2014-03-24iLF1l0o070.44 P925f, 2012p43523-20r2020-06-25te. 2w2020-06-25yLFPDZNo se presta c43012d43012